000
00318nam a22001457a 4500
003
SGT
082
_a
615.53
_b
T16R
100
_a
REDDY, K, RAMACHANDRA
245
_a
TEXT BOOK OF RASA SASTRA
260
_a
VANARAS
_b
CHAUKHAMBHA
_c
2016
300
_a
632
650
_a
RASA SASTRA
653
_a
RASA
942
_2
ddc
_c
BK
_0
30
999
_c
8306
_d
8306